| 000 | 00952nac a22003017a 4500 | ||
|---|---|---|---|
| 001 | BR9401711 | ||
| 003 | BR-BrBNA | ||
| 005 | 20240105121437.0 | ||
| 008 | 230509b bl.|||m| |||| 00| 0 por d | ||
| 040 |
_aBR-BrBNA _bpor _cBiblioteca Nacional de Agricultura |
||
| 072 | _aF04; F30; H10 | ||
| 090 | _a0336 BR9401711 | ||
| 110 | 1 |
_aCentro Nacional de Pesquisa de Soja, Londrina, PR (Brasil) _91793 |
|
| 245 | 1 | _aRecomendacoes tecnicas para a cultura da soja na regiao central do Brasil | |
| 260 | 3 |
_aLondrina, PR (Brasil): _c1991. |
|
| 300 | _a88 p. | ||
| 490 |
_aDocumentos - Centro Nacional de Pesquisa de Soja (Brasil) _vno. 46 _xISSN 0101-5494 |
||
| 500 | _a33 tables | ||
| 650 | _aSoja | ||
| 650 | _aNutricao Vegetal | ||
| 650 | _aAdubacao | ||
| 650 | _aVariedade | ||
| 650 | _aPraga de Planta | ||
| 650 | _aControle Quimico | ||
| 650 | _aErva Daninha | ||
| 909 |
_a202312 _bLúcia Elande _c55 _dLúcia Elande |
||
| 942 |
_2AGRIS _n0 _cMS |
||
| 999 |
_c285351 _d285351 |
||